| 000 | 00409cam a2200169ua 4500 | ||
|---|---|---|---|
| 001 | 5589 | ||
| 008 | 131005n ii |||gr||||Z||||||asm | ||
| 040 | _cMAIN | ||
| 082 | _a954.162 | ||
| 245 |
_aAsomor Itihas _cBy Gajendra Adhikari |
||
| 260 |
_aMirja: _bBrahmaputra Books, _c2006. |
||
| 300 | _ax,188p. | ||
| 653 | _aHistory | ||
| 653 | _aAsomor Itihas | ||
| 700 |
_aAdhikari,Gajendra, _eAuthor. |
||
| 942 | _cBK | ||
| 999 |
_c4750 _d4750 |
||